[Event "TCh-ESP CECLUB 2a Gp2 2012"]
[Site "Burguillos ESP"]
[Date "2012.08.08"]
[Round "1.4"]
[White "Gerona Maura,J"]
[Black "Navarro Lopez Menchero,D"]
[Result "1-0"]
[WhiteElo "2013"]
[BlackElo "2270"]

1.e4 c5 2.Nf3 e6 3.d4 cxd4 4.Nxd4 a6 5.Bd3 Qc7 6.O-O Nf6 7.Qe2 d6 8.c4 Nbd7
9.Nc3 Be7 10.f4 b6 11.Kh1 g6 12.Be3 Bb7 13.Bg1 h5 14.Rae1 h4 15.h3 Rc8 16.Nxe6 fxe6
17.e5 dxe5 18.Bxg6+ Kd8 19.fxe5 Rg8 20.exf6 Rxg6 21.fxe7+ Kxe7 22.Nd5+ Bxd5
23.cxd5 e5 24.Qh5 Rcg8 25.Qxh4+ Kd6 26.Rf7 Qd8 27.Qb4+ Kc7 28.Rc1+ Kb7 29.d6 Rxg2
30.Bxb6 Qe8 31.Rc7+  1-0

[Event "11th Braunau Open A"]
[Site "Ranshofen AUT"]
[Date "2012.08.08"]
[Round "6.10"]
[White "Chandra,Akshat"]
[Black "Anuprita,P"]
[Result "1-0"]
[WhiteElo "2254"]
[BlackElo "2123"]

1.e4 c5 2.Nf3 e6 3.d4 cxd4 4.Nxd4 a6 5.Bd3 Nc6 6.Nxc6 bxc6 7.O-O Qc7 8.Qe2 d6
9.c4 Nf6 10.Nc3 e5 11.Bg5 Be7 12.Rac1 h6 13.Be3 Rb8 14.h3 Nd7 15.Nd1 c5 16.Nc3 Bb7
17.Nd5 Bxd5 18.cxd5 a5 19.Bb5 Bg5 20.Bxg5 hxg5 21.a4 Rh4 22.g3 Rh6 23.Kg2 Kf8
24.Qd2 Nf6 25.f3 Qd8 26.Qxg5 Qc8 27.g4 Nh7 28.Qe3 g5 29.h4 Rxh4 30.Rh1 Kg7
31.Rxh4 gxh4 32.Rh1 Qd8 33.Qe1 Qg5 34.Rxh4 Nf6 35.Rh3 Rh8 36.Rxh8 Kxh8 37.Qxa5 Nh5
38.Qe1 Nf4+ 39.Kg1 Kg7 40.Bf1 Qd8 41.a5 Qb8 42.Qd2 Qb3 43.Kf2 Kg6 44.Qc3 Qb8
45.a6 Qb6 46.Ke1 c4 47.Bxc4 Ng2+ 48.Kd2 Qg1 49.Kc2 Ne3+ 50.Kb3 Qd1+ 51.Kb4 Nc2+
52.Kb5 Nd4+ 53.Kb6 Qa4 54.a7 Qe8 55.Ba6  1-0

[Event "38th Badalona Open A"]
[Site "Badalona ESP"]
[Date "2012.08.09"]
[Round "9.9"]
[White "Gallego Alcaraz,A"]
[Black "Gonzalez Garcia,J2"]
[Result "1-0"]
[WhiteElo "2377"]
[BlackElo "2532"]

1.e4 c5 2.Nf3 e6 3.d4 cxd4 4.Nxd4 a6 5.Bd3 Bc5 6.Nb3 Be7 7.Qg4 g6 8.Qg3 d6
9.h4 h5 10.Nc3 Nd7 11.Bf4 Qc7 12.O-O-O Ne5 13.Kb1 Bd7 14.Be3 Nf6 15.Be2 Rc8
16.f4 Neg4 17.e5 dxe5 18.Bxg4 Nxg4 19.fxe5 Bc6 20.Rd4 f5 21.Bf4 O-O 22.Re1 b5
23.a3 a5 24.Rd6 b4 25.Nd4 Bxd6 26.exd6 Qb6 27.Nxe6 bxc3 28.Qxc3 Rf7 29.Ng5 Bd7
30.Qd2 Ba4 31.Qd5 Qb7 32.Qxf7+ Qxf7 33.Nxf7 Kxf7 34.Re7+ Kg8 35.b3 Bc6 36.c4 Nf6
37.Be5 Nd7 38.Bc3 Rb8 39.Ka2 Nc5 40.Bxa5 Nxb3 41.Bb4 Nc1+ 42.Kb2 Nd3+ 43.Kc3 Nf2
44.Rc7 Ne4+ 45.Kd4 Be8 46.Ke5 Rd8 47.c5 Nf2 48.Kf6 Ne4+ 49.Ke7 Ra8 50.d7 Bxd7  1-0

[Event "FSIMA August 2012"]
[Site "Budapest HUN"]
[Date "2012.08.09"]
[Round "6.1"]
[White "Lengyel,B"]
[Black "To,N"]
[Result "1/2-1/2"]
[WhiteElo "2258"]
[BlackElo "2287"]

1.e4 c5 2.Nf3 e6 3.d4 cxd4 4.Nxd4 a6 5.Bd3 Bc5 6.Nb3 Be7 7.O-O Qc7 8.Nc3 Nf6
9.f4 d6 10.Qf3 Nc6 11.Be3 O-O  1/2-1/2

[Event "FSIMA August 2012"]
[Site "Budapest HUN"]
[Date "2012.08.09"]
[Round "6.4"]
[White "Wu,Christopher"]
[Black "Tesik,C"]
[Result "0-1"]
[WhiteElo "2195"]
[BlackElo "2347"]

1.e4 c5 2.Nf3 e6 3.d4 cxd4 4.Nxd4 a6 5.Bd3 Nf6 6.O-O e5 7.Nb3 Nc6 8.Nc3 d6
9.Nd5 Be7 10.c4 O-O 11.Be3 Be6 12.Rc1 a5 13.a3 a4 14.Nd2 Nd7 15.Bc2 Nc5 16.Bxc5 dxc5
17.Bxa4 Bg5 18.Bxc6 bxc6 19.Ne3 Rb8 20.Qc2 Qb6 21.Rb1 Rfd8 22.Rfd1 h6 23.b3 Qa5
24.a4 Qb4 25.h3 Bf4 26.Ndf1 Rd4 27.g4 g6 28.Ng2 Bg5 29.h4 Be7 30.Nfe3 Rbd8
31.Rbc1 Rb8 32.Rb1 Bd8 33.f3 Ba5 34.Qe2 Qc3 35.Qa2 Rxd1+ 36.Nxd1 Qxf3 37.Nf2 Rd8
38.Qa3 Bc3 39.Rf1 Rd2 40.Qc1 Bxg4 41.Kh2 Bh3 42.Ne1 Rxf2+  0-1

[Event "113th US Open 2012"]
[Site "Vancouver USA"]
[Date "2012.08.09"]
[Round "4"]
[White "Shaw,Ten"]
[Black "Ramirez,Alej"]
[Result "0-1"]
[WhiteElo "2187"]
[BlackElo "2559"]

1.e4 c5 2.Nf3 e6 3.d4 cxd4 4.Nxd4 a6 5.Bd3 Qb6 6.Nb3 Qc7 7.O-O Nf6 8.Qe2 d6
9.c4 Be7 10.Nc3 b6 11.Be3 Bb7 12.Rac1 O-O 13.f3 Nbd7 14.Rc2 Ne5 15.Nd2 Nfd7
16.f4 Nxd3 17.Qxd3 Rac8 18.Qe2 Bf6 19.Rfc1 Rfe8 20.Nd1 Bc6 21.Nf2 Qb7 22.b3 g6
23.Qd3 Rcd8 24.b4 Qa8 25.Nb3 e5 26.Qxd6 Re6 27.Qd1 exf4 28.Bxf4 Nc5 29.Rd2 Nxe4
30.Rxd8+ Bxd8 31.Nxe4 Rxe4 32.Bg3 h5 33.Nd4 Bg5 34.Rc3 Be3+ 35.Rxe3 Rxe3
36.Nxc6 Qxc6  0-1

[Event "16th HZ Open"]
[Site "Vlissingen NED"]
[Date "2012.08.09"]
[Round "7"]
[White "Ducarmon,R"]
[Black "Lee,Jun Wei"]
[Result "1/2-1/2"]
[WhiteElo "2046"]
[BlackElo "1524"]

1.e4 c5 2.Nf3 e6 3.d4 cxd4 4.Nxd4 a6 5.Bd3 Bc5 6.Nb3 Ba7 7.Qg4 Nf6 8.Qg3 d6
9.O-O O-O 10.Bg5 Nc6 11.Nc3 Ne5 12.Rad1 Qe7 13.Be2 Rd8 14.Kh1 Bb8 15.f4 Ng6
16.f5 d5 17.Qf2 exf5 18.exf5 Qe5 19.g3 Ne7 20.Bd3 Ba7 21.Qf3 Qd6 22.Rde1 h6
23.Bf4 Qd7 24.Be5 Qc6 25.Nd4 Bxd4 26.Bxd4 Qd6 27.Be5 Qc6 28.Bd4 Qd6 29.Qf4 Nc6
30.Qxd6 Rxd6 31.Bxf6 gxf6 32.Re8+ Kg7 33.Be2 Rb8 34.g4 b5 35.Bf3 Nb4 36.a3 Nxc2
37.Bxd5 b4 38.axb4 Nxb4 39.Be4 Nc6 40.Kg1 Ne5 41.h3 Rdb6 42.Rf2 Bd7 43.Rxb8 Rxb8
44.Rd2 Bb5 45.Bd5  1/2-1/2

[Event "FSGM August 2012"]
[Site "Budapest HUN"]
[Date "2012.08.10"]
[Round "6.5"]
[White "Bagi,M"]
[Black "Liu Dede"]
[Result "0-1"]
[WhiteElo "2328"]
[BlackElo "2375"]

1.e4 c5 2.Nf3 e6 3.d4 cxd4 4.Nxd4 a6 5.Bd3 Qc7 6.O-O g6 7.c4 Bg7 8.Nb3 Ne7
9.Nc3 O-O 10.Bg5 Nbc6 11.Qd2 d6 12.f4 Bd7 13.Rad1 Rad8 14.Bh4 Bc8 15.Kh1 f5
16.exf5 gxf5 17.Qe2 Rde8 18.Qd2 Ng6 19.Bg3 Bh6 20.Be2 Rd8 21.Bh5 Nce5 22.Bxg6 hxg6
23.Bh4 Rde8 24.Qxd6 Qxd6 25.Rxd6 Nxc4 26.Rd4 b5 27.Rb1 e5 28.fxe5 Be3 29.Rd3 g5
30.Nd5 gxh4 31.Nxe3 f4 32.Nd5 Bf5 33.Nc5 Rxe5  0-1

[Event "FSIMB August 2012"]
[Site "Budapest HUN"]
[Date "2012.08.10"]
[Round "7.2"]
[White "Farago,S"]
[Black "Sean,W"]
[Result "1/2-1/2"]
[WhiteElo "2254"]
[BlackElo "2120"]

1.e4 c5 2.Nf3 e6 3.d4 cxd4 4.Nxd4 a6 5.Bd3 Qc7 6.c4 Nc6 7.Ne2 Ne5 8.b3 Bc5
9.O-O Nf6 10.Nbc3 Nfg4 11.Bf4 g5 12.Bg3 h5 13.h3 h4 14.Bxe5 Nxe5 15.Kh1 g4
16.f4 gxf3 17.gxf3 Rg8 18.f4 Nxd3 19.Qxd3 f5 20.Qf3 d6 21.exf5 exf5 22.Nd5 Qf7
23.b4 Ba7 24.Rad1 Kf8 25.Kh2 b5 26.Qd3 bxc4 27.Qc2 Bb7 28.Nec3 Qg7 29.Rf3 Bd4
30.Qd2  1/2-1/2

[Event "TCh-ESP CECLUB 2a Gp1 2012"]
[Site "Padron ESP"]
[Date "2012.08.10"]
[Round "4.3"]
[White "Garcia Carbo,M"]
[Black "Lopez Rodriguez,W"]
[Result "1-0"]
[WhiteElo "2285"]
[BlackElo "2246"]

1.e4 c5 2.Nf3 e6 3.d4 cxd4 4.Nxd4 a6 5.Bd3 Bc5 6.Nb3 Be7 7.O-O d6 8.Kh1 Nd7
9.Qe2 Qc7 10.a4 b6 11.Nc3 Bb7 12.Nd4 Bf6 13.Be3 Ne7 14.f4 O-O 15.Qh5 g6 16.Qh3 d5
17.exd5 Nxd5 18.Nxe6 fxe6 19.Qxe6+ Kg7 20.Nxd5 Bxd5 21.Qxd5 Rad8 22.Qc4 Qxc4
23.Bxc4 Rfe8 24.Rae1 Bxb2 25.Bxa6 Bc3 26.Re2 Nf6 27.Bxb6 Rd6 28.Rxe8 Nxe8
29.Rb1 Nf6 30.Bd3 Nd5 31.a5 Nxf4 32.a6 Nxd3 33.cxd3 Rxd3 34.a7 Ba1 35.Rxa1  1-0

[Event "Prva liga RS seniori 2012"]
[Site "Banja Vrucica SRB"]
[Date "2012.08.11"]
[Round "1"]
[White "Savanovic,A"]
[Black "Nestorovic,De"]
[Result "1/2-1/2"]
[WhiteElo "2412"]
[BlackElo "2440"]

1.e4 c5 2.Nf3 e6 3.d4 cxd4 4.Nxd4 a6 5.Bd3 Qc7 6.O-O Nf6 7.Qe2 d6 8.c4 Nbd7
9.f4 Be7 10.Nc3 O-O 11.Be3 Re8 12.Rac1 b6 13.b4 Bb7 14.g4 g6 15.g5 Nh5 16.Qg4 Bf8
17.Nde2 Bg7 18.Qh3  1/2-1/2

[Event "ch-POR 2012"]
[Site "Pampilhosa da Serra POR"]
[Date "2012.08.12"]
[Round "9.4"]
[White "Neves,P"]
[Black "Ulyanovskyy,Vl UKR"]
[Result "1/2-1/2"]
[WhiteElo "2244"]
[BlackElo "2066"]

1.e4 c5 2.Nf3 e6 3.d4 cxd4 4.Nxd4 a6 5.Bd3 Qc7 6.c4 Nf6 7.Nc3 Be7 8.Qe2 d6
9.O-O O-O 10.Kh1 Nc6 11.Nxc6 bxc6 12.f4 Nd7 13.Rf3 g6 14.Be3 c5 15.Rg3 Bf6
16.Rf1 Bxc3 17.bxc3 f5 18.Bc1 Bb7 19.e5 Rae8 20.Re1 Rf7 21.Bc2 dxe5 22.fxe5 f4
23.Rh3 Ref8 24.Kg1 f3 25.gxf3 Rxf3 26.Rxf3 Bxf3 27.Qe3 Qb7 28.Qg5 Nb6 29.Be3 Qc7
30.Rf1 Nd7 31.Bf4 Bb7 32.Bxg6 hxg6 33.Qxg6+ Kh8 34.Qh6+ Kg8 35.Qg6+ Kh8 36.Qh6+ Kg8
37.Qg6+ Kh8  1/2-1/2

[Event "113th US Open 2012"]
[Site "Vancouver USA"]
[Date "2012.08.12"]
[Round "9"]
[White "Gay,D"]
[Black "Kleist,F"]
[Result "1/2-1/2"]
[WhiteElo "2111"]
[BlackElo "2075"]

1.e4 c5 2.Nf3 e6 3.d4 cxd4 4.Nxd4 a6 5.Bd3 Bc5 6.Nb3 Be7 7.c4 d6 8.O-O Nf6
9.Nc3 b6 10.Be3 Bb7 11.Rc1 Nbd7 12.Qe2 O-O 13.Nd2 Re8 14.f4 Qc7 15.a3 Rac8
16.b4 Qb8 17.g4 h5 18.gxh5 a5 19.h3 axb4 20.axb4 d5 21.e5 dxc4 22.Bxc4 Nd5
23.Bxd5 exd5 24.Qg4 Bxb4 25.h6 g6 26.f5 Qxe5 27.fxg6 f5 28.Rxf5 Qxe3+ 29.Rf2 Bc5
30.Rf1 Ne5 31.h7+ Kg7 32.Qf5 Rf8 33.h8=Q+ Rxh8 34.Qf6+ Kg8 35.Qe6+ Kg7 36.Qf6+ Kg8
37.Qe6+ Kg7  1/2-1/2

[Event "FSGM August 2012"]
[Site "Budapest HUN"]
[Date "2012.08.13"]
[Round "9.2"]
[White "Varga,Zo"]
[Black "Liu Dede"]
[Result "1/2-1/2"]
[WhiteElo "2476"]
[BlackElo "2375"]

1.e4 c5 2.Nf3 e6 3.d4 cxd4 4.Nxd4 a6 5.Bd3 Qc7 6.Qf3 Nf6 7.Qg3 Qxg3 8.hxg3 d6
9.c4 Nbd7 10.Nc3 b6 11.f3 Bb7 12.b3 g6 13.g4 Bg7 14.Be3 Ne5 15.Be2 h5 16.Na4 hxg4
17.Rxh8+ Bxh8 18.Nxb6 Rb8 19.Rd1 gxf3 20.gxf3 Nfd7 21.Na4 Ke7 22.Bg5+ f6
23.Be3 Rc8 24.Kf2 f5 25.exf5 gxf5 26.Bg5+ Bf6 27.Bxf6+ Nxf6 28.Rh1 Neg4+
29.Ke1 Ne3 30.Kd2 f4 31.Rg1 Kf7 32.Bd3 Rh8 33.Bg6+ Ke7 34.Bf5 Rh2+ 35.Kd3 Nxf5
36.Nxf5+ exf5 37.Rg7+ Ke6 38.Rxb7 Rf2 39.Rb6 Ke5 40.c5 dxc5 41.Nxc5 Rxf3+
42.Kc4 Rc3+ 43.Kxc3 Nd5+ 44.Kd3 Nxb6 45.Nxa6 Nd5 46.Ke2 Nc3+ 47.Kf3 Nxa2
48.Nc5 Nb4 49.Nd7+ Ke6 50.Nf8+  1/2-1/2

[Event "2nd Metropolitan International"]
[Site "Los Angeles USA"]
[Date "2012.08.16"]
[Round "5"]
[White "Young,G"]
[Black "Wang,K"]
[Result "1-0"]
[WhiteElo "2368"]
[BlackElo "2216"]

1.e4 c5 2.Nf3 e6 3.d4 cxd4 4.Nxd4 a6 5.Bd3 Bc5 6.Nb3 Ba7 7.Qe2 d6 8.Be3 Nc6
9.Nc3 Nge7 10.f4 O-O 11.O-O e5 12.f5 f6 13.Bc4+ Kh8 14.Bxa7 Rxa7 15.a4 Na5
16.Nxa5 Qxa5 17.Kh1 Qc5 18.Nd5 Nxd5 19.Bxd5 b6 20.Rf3 Qd4 21.c3 Qc5 22.Rd3 a5
23.Qh5 g5 24.fxg6 Rg7 25.Qh6 Qf2 26.Rf3 Qxb2 27.Raf1 Bg4 28.R3f2 Qxc3 29.h3 f5
30.exf5  1-0

[Event "2nd Metropolitan International"]
[Site "Los Angeles USA"]
[Date "2012.08.16"]
[Round "5"]
[White "Vibbert,Sean"]
[Black "Liou,Y"]
[Result "0-1"]
[WhiteElo "2240"]
[BlackElo "2350"]

1.e4 c5 2.Nf3 e6 3.d4 cxd4 4.Nxd4 a6 5.Bd3 Nf6 6.O-O Qc7 7.Qe2 d6 8.c4 Nbd7
9.Nc3 Be7 10.b3 O-O 11.Bb2 b6 12.Rad1 Bb7 13.Bb1 Rfe8 14.f4 Bf8 15.Nf3 g6
16.Kh1 Nh5 17.Qd2 Rad8 18.f5 Ndf6 19.fxe6 fxe6 20.Qg5 Bg7 21.Nd2 Nd7 22.Nf3 Bf6
23.Qd2 Ne5 24.Nxe5 Bxe5 25.Ne2 Bxb2 26.Qxb2 d5 27.Qd4 dxc4 28.Qxc4 Qxc4 29.bxc4 a5
30.Bc2 Kg7 31.Nc3 Nf6 32.Rb1 Ba6 33.Rxb6 Bxc4 34.Rf2 Re7 35.h3 Rc7 36.Bb3 Nd7
37.Rd6 Bxb3 38.axb3 Rxc3 39.Rfd2 Rc7 40.Rxe6 Nc5 41.Rxd8 Nxe6 42.Rb8 Nc5
43.Rb5 Nxe4 44.Rxa5 Rb7 45.Kh2 h5 46.Ra3 Nd2 47.Ra2 Nxb3 48.Rb2 Nc5 49.Rc2 Ne4
50.Re2 Rb4 51.Ra2 h4 52.Ra7+ Kh6 53.Ra2 Rd4 54.Re2 Ng3 55.Re6 Rf4 56.Rd6 Rf2
57.Rc6 Rf7 58.Rb6 Nf1+ 59.Kg1 Nd2 60.Rd6 Rf1+ 61.Kh2 Rd1 62.Ra6 Nf1+ 63.Kg1 Ng3+
64.Kf2 Rf1+ 65.Ke3 Rf7 66.Ra4 Kh5 67.Ra5+ Rf5 68.Ra8 Rb5 69.Ra2 Rb3+ 70.Kf2 Ne4+
71.Kg1 Rb1+ 72.Kh2 Ng3 73.Ra5+ Kh6 74.Ra1 Nf1+  0-1

[Event "2nd Metropolitan International"]
[Site "Los Angeles USA"]
[Date "2012.08.16"]
[Round "5"]
[White "Viswanadha,Kesav"]
[Black "Lessler,Peter"]
[Result "0-1"]
[WhiteElo "2066"]
[BlackElo "2200"]

1.e4 c5 2.Nf3 e6 3.d4 cxd4 4.Nxd4 a6 5.Bd3 Bc5 6.Nb3 Be7 7.O-O Qc7 8.Qg4 g6
9.Nc3 d6 10.Be3 Nf6 11.Qe2 O-O 12.f4 b5 13.a3 Nbd7 14.Rae1 Bb7 15.f5 Ne5
16.Kh1 Kh8 17.Nd4 Qd7 18.Bh6 Rg8 19.fxe6 fxe6 20.Nf3 Nfg4 21.Nxe5 Nxe5 22.Nd1 g5
23.h4 gxh4 24.Bd2 Rg7 25.Bc3 Rag8 26.Ne3 Qe8 27.Bd4 Qg6 28.Nd1 Qg3 29.Bxe5 Qxe5
30.Rf3 Bc6 31.Ref1 Be8 32.Rh3 Bh5 33.Qf2 Bg4 34.Re3 Bh5 35.Rh3 Bd8 36.c3 Bg4
37.Re3 Bxd1 38.Rxd1 Rxg2 39.Qxg2 Rxg2 40.Kxg2 Qg5+ 41.Kf3 Bb6 42.Ree1 Qg3+  0-1

[Event "Stare Mesto Open 2012"]
[Site "Stare Mesto CZE"]
[Date "2012.08.16"]
[Round "8.20"]
[White "Berger,Patrik"]
[Black "Pribila,G"]
[Result "0-1"]
[WhiteElo "1918"]
[BlackElo "2079"]

1.e4 c5 2.Nf3 e6 3.d4 cxd4 4.Nxd4 a6 5.Bd3 Nf6 6.O-O Qc7 7.Nc3 b5 8.a3 Bb7
9.Qe2 d6 10.Kh1 Be7 11.f4 Nbd7 12.Bd2 O-O 13.Rae1 Nc5 14.Rf3 g6 15.Nb3 Nxd3
16.cxd3 Rac8 17.Rc1 Qd8 18.Rff1 Nd7 19.e5 dxe5 20.fxe5 Bg5 21.Ne4 Rxc1 22.Rxc1 Bxd2
23.Nexd2 Bd5 24.Nc5 Nxc5 25.Rxc5 Qg5 26.Rc1 h5 27.Rf1 Rc8 28.Ne4 Bxe4 29.Qxe4 Rc1
30.Qf3 Rxf1+ 31.Qxf1 Qxe5 32.Qf2 Qf5 33.Qe2 Qg4 34.Qd2 Qd4 35.h3 e5 36.Qc2 Kg7
37.Kh2 a5 38.Qb3 b4 39.axb4 axb4 40.Qc2 Kh6 41.Kh1 Qf4 42.Qc5 Kg5 43.Qc2 f6
44.Kg1 Kh4 45.Qe2 Kg5 46.Qc2 Qe3+ 47.Kh2 f5 48.Qc7 Qf4+ 49.Kh1 Kh4 50.Qc2 Kg3
51.Kg1 b3  0-1

[Event "14th Sants Open A"]
[Site "Barcelona ESP"]
[Date "2012.08.17"]
[Round "1.65"]
[White "Norte Garcia,A"]
[Black "Vidarte Morales,A"]
[Result "1-0"]
[WhiteElo "1996"]
[BlackElo "2353"]

1.e4 c5 2.Nf3 e6 3.d4 cxd4 4.Nxd4 a6 5.Bd3 Bc5 6.Nb3 Be7 7.O-O d6 8.c4 Nd7
9.Nc3 Ngf6 10.Be3 Qc7 11.Rc1 b6 12.f3 Bb7 13.Nd4 O-O 14.b3 Rac8 15.Qd2 Ne5
16.Be2 Rfe8 17.Rfd1 Qb8 18.Kh1 Bd8 19.Bg1 Bc7 20.a3 Ng6 21.b4 Rcd8 22.Nb3 d5
23.exd5 exd5 24.c5 d4 25.Nxd4 Bf4 26.Qc2 Bxc1 27.Rxc1 bxc5 28.bxc5 Qe5 29.Nf5 Nf4
30.Bf1 Bc6 31.Nd6 Rf8 32.Rd1 Ne6 33.Ne2 Rb8 34.Nd4 Nxd4 35.Bxd4 Qf4 36.Bc4 Bd7
37.Qe2 Ba4 38.Rd2 Rb1+ 39.Bg1 Bb5 40.Bxf7+ Rxf7 41.Nxb5 Nd5 42.Rxd5 axb5
43.Rd8+ Rf8 44.Qa2+  1-0

[Event "e2e4 Gatwick Masters A 2012"]
[Site "Crawley ENG"]
[Date "2012.08.19"]
[Round "3.4"]
[White "Jackson,J"]
[Black "Miezis,N"]
[Result "0-1"]
[WhiteElo "2126"]
[BlackElo "2580"]

1.e4 c5 2.Nf3 e6 3.d4 cxd4 4.Nxd4 a6 5.Bd3 Nc6 6.Nxc6 dxc6 7.O-O e5 8.Nd2 Ne7
9.Qh5 Ng6 10.Nc4 Bc5 11.Nxe5 Qa5 12.Kh1 Bd4 13.f4 Nxe5 14.fxe5 Be6 15.Qe2 b5
16.a4 O-O 17.c3 Bxe5 18.Bf4 Qc7 19.Bxe5 Qxe5 20.axb5 axb5 21.Qf2 Rad8 22.Bc2 g6
23.Rfd1 c5 24.Qh4 Rxd1+ 25.Bxd1 b4 26.Qe1 Rd8 27.Bf3 bxc3 28.Qxc3 Qxc3 29.bxc3 Rd3
30.Ra3 g5 31.Kg1 g4 32.Be2 Re3 33.Kf2 Rxe4 34.Ra5 Re5 35.Ra4 h5 36.Rf4 Kg7
37.Bc4 Bxc4 38.Rxc4 Kf6 39.Ra4 Ke6 40.h3 Kf5 41.hxg4+ hxg4 42.Ra7 f6 43.Rd7 Ke4
44.Kg3 Kf5 45.Kf2 Ke6 46.Rd8 Re4 47.Rd3 f5 48.g3 Ke5 49.Rd8 Rc4 50.Re8+ Kd5
51.Rf8 Ke4 52.Re8+ Kd3 53.Rf8 Rxc3 54.Rxf5 Rc2+ 55.Kf1 c4 56.Rf4 c3 57.Rxg4 Rd2
58.Ke1 Re2+  0-1

[Event "LBV Open A 2012"]
[Site "Roosendaal NED"]
[Date "2012.08.19"]
[Round "6.11"]
[White "Admiraal,M"]
[Black "Martens,M"]
[Result "1/2-1/2"]
[WhiteElo "2293"]
[BlackElo "2431"]

1.e4 c5 2.Nf3 e6 3.d4 cxd4 4.Nxd4 a6 5.Bd3 Nf6 6.O-O e5 7.Bg5 h6 8.Bxf6 Qxf6
9.Nf5 g6 10.Ne3 Bc5 11.Nc3 d6 12.Ncd5 Qd8 13.b4 Ba7 14.c4 Be6 15.Rc1 Nd7
16.Bb1 O-O 17.Kh1 Rc8 18.Qe2 Kg7 19.g3 Nf6 20.f4 Bxd5 21.Nxd5 Nxd5 22.exd5 exf4
23.Rxf4 f5 24.Qb2+ Qf6 25.Qxf6+ Kxf6 26.Rff1 Rfe8 27.Bd3 Re3 28.Rcd1 Ke5
29.Kg2 Rf8 30.Rfe1 g5 31.Rxe3+ Bxe3 32.Kf3 f4 33.g4 Re8 34.Bf1 Rc8 35.Be2 b5
36.cxb5 axb5 37.Bxb5 Rc2 38.Be2 Rxa2 39.b5 Rb2 40.Ra1 Kxd5 41.Ra4 Bd4 42.Ra3 Ke5
43.Rd3 d5 44.Rd1 Bb6 45.Re1 Be3 46.Rd1 Bd4 47.Rd3 Bg1 48.Rd1 Bd4 49.Rd3 Bg1
50.Rd1 Bb6 51.Re1 Ba5 52.Ra1 Bc3 53.Ra3 Bb4 54.Rd3 Bc5 55.Rd1 Rb3+ 56.Rd3 Rxd3+
57.Bxd3 Kd4 58.Bf5 Kc3 59.h4 gxh4 60.Kxf4 Bd6+ 61.Kf3 Bc7 62.Kg2 Kc4 63.Kh3 Kxb5
64.Kxh4 Kc4 65.Kh3 Kd4 66.Kg2 Ke3 67.Kf1 Kd2 68.Kf2 d4 69.Bg6 Bd8 70.Kf3 d3
71.Bf5 Bg5 72.Bg6 Kc3 73.Bh7 Kd4 74.Bg6 d2 75.Ke2 Ke5 76.Be8  1/2-1/2

[Event "e2e4 Gatwick Masters A 2012"]
[Site "Crawley ENG"]
[Date "2012.08.20"]
[Round "5.3"]
[White "Jackson,J"]
[Black "Bennett,Dominic L"]
[Result "1-0"]
[WhiteElo "2126"]
[BlackElo "2037"]

1.e4 c5 2.Nf3 e6 3.d4 cxd4 4.Nxd4 a6 5.Bd3 b5 6.O-O Bb7 7.Qe2 Qb6 8.Nb3 Nf6
9.a4 b4 10.a5 Qc7 11.e5 Nd5 12.f4 Bc6 13.Kh1 Qa7 14.Bd2 h5 15.c4 bxc3 16.Nxc3 Nb4
17.Be4 h4 18.h3 Qb7 19.Nd4 Bxe4 20.Nxe4 N8c6 21.Nxc6 Qxc6 22.Bxb4 Bxb4 23.Rac1 Qd5
24.Rfd1 Qb7 25.Qf3 Rb8 26.Nd6+ Bxd6 27.Qxb7 Rxb7 28.Rc8+ Ke7 29.exd6+ Kf6
30.Rxh8  1-0

[Event "12th World Uni Men"]
[Site "Guimaraes POR"]
[Date "2012.08.20"]
[Round "2.7"]
[White "Schaerer,J"]
[Black "Czarnota,P"]
[Result "1/2-1/2"]
[WhiteElo "2240"]
[BlackElo "2535"]

1.e4 c5 2.Nf3 e6 3.d4 cxd4 4.Nxd4 a6 5.Bd3 Nf6 6.O-O Qc7 7.Qe2 d6 8.c4 Nbd7
9.Nc3 g6 10.Nf3 Bg7 11.Bf4 O-O 12.Rfd1 Ng4 13.Rac1 Nge5 14.Nxe5 Nxe5 15.Be3 b6
16.b3 Bb7 17.Bb1 Rfd8 18.f3 Rab8 19.Kh1 Ba8 20.Bd4 Bh6 21.Be3 Bxe3 22.Qxe3 Qc5
23.Qxc5 dxc5 24.Rxd8+ Rxd8 25.Rd1 Rxd1+ 26.Nxd1 f5 27.Nc3 Bc6 28.Kg1 Kg7
29.f4 Nd7 30.exf5 gxf5 31.Kf2 Kf6 32.g3 b5 33.cxb5 axb5 34.a3 b4  1/2-1/2

[Event "2nd Isthmia Open A"]
[Site "Korinthia GRE"]
[Date "2012.08.20"]
[Round "4.9"]
[White "Aginian,N"]
[Black "Mastrovasilis,A"]
[Result "0-1"]
[WhiteElo "2245"]
[BlackElo "2539"]

1.e4 c5 2.Nf3 e6 3.d4 cxd4 4.Nxd4 a6 5.Bd3 Bc5 6.Nb3 Ba7 7.Qg4 Nf6 8.Qg3 Nc6
9.Nc3 O-O 10.Bg5 Bb8 11.Qf3 Ne5 12.Qe2 h6 13.Bh4 b5 14.O-O Ng6 15.Bg3 e5
16.a4 b4 17.Nd5 Nxd5 18.exd5 f5 19.f3 Qg5 20.Qd2 Ba7+ 21.Bf2 Nf4 22.Bxa7 Rxa7
23.a5 Bb7 24.Kh1 Bxd5 25.Rf2 e4 26.Bf1 Bc6 27.Nd4 Raa8 28.Nxc6 dxc6 29.fxe4 fxe4
30.Re1 Rae8 31.Qe3 Kh7 32.Kg1 Qe5 33.Bc4 Rf6 34.b3 Nd5 35.Qe2 Qd4 36.Bxd5 cxd5
37.Qe3 Qxe3 38.Rxe3 d4 39.Re1 e3 40.Rfe2 Kg6 41.Rd1 Re4 42.g3 Rf5 43.Ra1 Kf6
44.Ra4 Rb5 45.Kf1 Ree5 46.Rg2 Rec5 47.Re2 Ke5 48.Kg2 Ke4  0-1

[Event "ZMDI Open A 2012"]
[Site "Dresden GER"]
[Date "2012.08.21"]
[Round "4"]
[White "Bijlsma,N"]
[Black "Zeberski,J"]
[Result "0-1"]
[WhiteElo "2151"]
[BlackElo "2380"]

1.e4 c5 2.Nf3 e6 3.d4 cxd4 4.Nxd4 a6 5.Bd3 Bc5 6.Nb3 Ba7 7.Qe2 Nc6 8.Be3 d6
9.O-O Nf6 10.a4 Bxe3 11.Qxe3 O-O 12.f4 e5 13.Nc3 Be6 14.Kh1 Nb4 15.Nd2 Rc8
16.Ra3 Qc7 17.fxe5 dxe5 18.Rxf6 gxf6 19.Nd5 Bxd5 20.exd5 Nxd3 21.Rxd3 Qxc2
22.h3 Qd1+ 23.Kh2 Rc1 24.Nf3 Qh1+ 25.Kg3 Kh8 26.Qh6 Rg8+ 27.Kh4 Rc4+ 28.Kh5 Rf4
29.Nh4 Rg5+  0-1

[Event "e2e4 Gatwick Masters A 2012"]
[Site "Crawley ENG"]
[Date "2012.08.22"]
[Round "8.2"]
[White "Bennett,Dominic L"]
[Black "Miezis,N"]
[Result "0-1"]
[WhiteElo "2037"]
[BlackElo "2580"]

1.Nf3 c5 2.e4 e6 3.d4 cxd4 4.Nxd4 a6 5.Bd3 Nc6 6.Nxc6 dxc6 7.c4 e5 8.O-O Nf6
9.h3 Bc5 10.Qf3 Be6 11.Rd1 Nd7 12.Nd2 O-O 13.Qg3 f6 14.Nb3 Ba7 15.Be3 b6
16.Be2 Qe7 17.Bg4 Rfd8 18.Bxe6+ Qxe6 19.Nd2 Nf8 20.b3 Qe7 21.Nf3 g6 22.h4 Rxd1+
23.Rxd1 Rd8 24.Rxd8 Qxd8 25.h5 g5 26.Qg4 Qd7 27.Qxd7 Nxd7 28.Ne1 Bb8 29.f3 Bd6
30.Nd3 Kf7 31.Kf2 c5 32.a4 Ke6 33.g4 Bc7 34.Nb2 Nb8 35.a5 bxa5 36.Na4 Bd6
37.Bxc5 Bxc5+ 38.Nxc5+ Kd6 39.Nb7+ Kc6 40.Nd8+ Kc7 41.Nf7 Nd7 42.Ke2 Nc5
43.f4 exf4 44.e5 Nxb3 45.exf6 Nd4+ 46.Kd3 Ne6 47.Ne5 Kd6 48.Nf3 h6 49.Ke4 a4
50.Kf5 a3 51.c5+ Nxc5 52.f7 Ke7 53.Kg6 a2 54.Nd4 a1=Q 55.Nf5+ Kf8 56.Nxh6 Qg7+  0-1

[Event "12th World Uni Men"]
[Site "Guimaraes POR"]
[Date "2012.08.22"]
[Round "5.5"]
[White "Kurmann,O"]
[Black "Terao,R"]
[Result "1/2-1/2"]
[WhiteElo "2469"]
[BlackElo "2383"]

1.e4 c5 2.Nf3 e6 3.d4 cxd4 4.Nxd4 a6 5.Bd3 Nf6 6.O-O Qc7 7.Qe2 d6 8.c4 g6
9.Nc3 Bg7 10.Rd1 O-O 11.Nf3 Nc6 12.h3 Nd7 13.Bd2 Nde5 14.Rac1 Qe7 15.b3 Rb8
16.Be3 f5 17.exf5 gxf5 18.Bb1 b6 19.Ne1 f4 20.Bd2 Bb7 21.f3 Ng6 22.Nc2 Nh4
23.Ne4 Rf7 24.Ne1 Bb2 25.Bxf4 Bd4+ 26.Be3 e5 27.Kh2 Rg7 28.Ng3 Bxe3 29.Qxe3 Nd4
30.Rd2 Kh8  1/2-1/2

[Event "12th ch-Euro Seniors"]
[Site "Kaunas LTU"]
[Date "2012.08.22"]
[Round "5.4"]
[White "Gruzmann,B"]
[Black "Mishuchkov,N"]
[Result "1/2-1/2"]
[WhiteElo "2284"]
[BlackElo "2406"]

1.e4 c5 2.Nf3 e6 3.d4 cxd4 4.Nxd4 a6 5.Bd3 Nf6 6.O-O e5 7.Nf5 d6 8.Re1 Bxf5
9.exf5 Be7 10.c4 O-O 11.Nc3 Nbd7 12.g4 h6 13.g5 hxg5 14.Bxg5 Nh7 15.Bxe7 Qxe7
16.Nd5 Qg5+ 17.Kh1 Ndf6 18.Rg1 Qh4 19.Qf3 Nxd5 20.Qxd5 Nf6 21.Qg2 Qh6 22.Rae1 Nh5
23.Qh3 Kh8 24.Rg4 Nf4 25.Qxh6+ gxh6 26.Be4 Rad8 27.b3 b6 28.Rd1 a5 29.f3 Rg8
30.Rd2 h5 31.Rg3 h4 32.Rg4 Rxg4 33.fxg4 f6 34.Kg1 Kg7 35.Kf2 Kf7 36.Ke3 Ke7
37.h3 Rd7 38.Bc6 Rc7 39.Bg2 Rc5 40.a4 Rc8 41.Be4 Rh8  1/2-1/2

[Event "11th Lichtenberger Sommer 2012"]
[Site "Berlin GER"]
[Date "2012.08.23"]
[Round "6.3"]
[White "Lauridsen,JM"]
[Black "Meister,Jak"]
[Result "0-1"]
[WhiteElo "2249"]
[BlackElo "2479"]

1.e4 e6 2.d4 c5 3.Nf3 cxd4 4.Nxd4 a6 5.Bd3 Qc7 6.Nc3 b5 7.O-O Bb7 8.Qe2 d6
9.f4 Nd7 10.Bd2 Ngf6 11.Rae1 Be7 12.b4 h5 13.Kh1 h4 14.Nf3 Nh5 15.e5 d5 16.f5 Nf8
17.Nd4 O-O-O 18.a4 Bxb4 19.Ncxb5 Qc5 20.Bxb4 Qxb4 21.c3 Qe7 22.f6 gxf6 23.exf6 Qc5
24.Rb1 Nd7 25.Na3 Nb8 26.Rb3 Rd7 27.Nac2 Qf8 28.Qg4 Qh6 29.Qxh4 Nxf6 30.Qxh6 Rxh6
31.Rbb1 Ne4 32.Bxe4 dxe4 33.Ne3 Rc7 34.Ng4 Rh5 35.Nf6 Rh8 36.Rfe1 Nd7 37.Nxe4 Bxe4
38.Rxe4 Rxc3 39.Ne2 Rc2 40.Rc1 Rxc1+ 41.Nxc1 Kc7 42.Nd3 Rh5 43.g4 Rd5 44.Nf4 Rd2
45.h4 Kd6 46.g5 Ne5 47.Kg1 Nf3+ 48.Kf1 Nxh4 49.Nxe6 Nf3 50.Rf4 Ne5 51.Ng7 Kd5
52.Ne8 a5 53.Nf6+ Ke6 54.Ne8 Rc2 55.Ng7+ Kd5 56.Nf5 Rb2 57.Ne3+ Ke6 58.Rf6+ Kd7
59.Rf5 Rb1+ 60.Ke2 Kd6 61.Nd1 Rb3 62.Rf6+ Kd5 63.Ra6 Nc6 64.Ne3+ Kc5 65.Nc4 Nd4+
66.Kf2 Kxc4 67.Rxa5 Ra3 68.Ra6 Rf3+ 69.Ke1 Kd3 70.Rd6 Rf5 71.a5 Ke3 72.a6 Ra5
73.Kf1 Ra1+ 74.Kg2 Nf3 75.Rf6 Rg1+ 76.Kh3 Kf2  0-1

[Event "ZMDI Open A 2012"]
[Site "Dresden GER"]
[Date "2012.08.23"]
[Round "6"]
[White "Brinck Claussen,B"]
[Black "Pogan,N"]
[Result "1/2-1/2"]
[WhiteElo "2286"]
[BlackElo "2205"]

1.e4 c5 2.Nf3 e6 3.d4 cxd4 4.Nxd4 a6 5.Bd3 d6 6.a4 b6 7.Nc3 Nf6 8.f4 Qc7
9.Qe2 Nbd7 10.Bd2 Bb7 11.O-O Be7 12.Kh1 O-O 13.Rae1 Nc5 14.b4 Nxd3 15.cxd3 Qd7  1/2-1/2